000 00682nam a22002297a 4500
999 _c160714
_d160714
005 20190208131508.0
006 a|||||f|||| 00| 0
007 tc
008 180720b xxu||||| |||| 00| 0 eng d
010 _aBR-003100
020 _c05.00
035 _a BR-003100
037 _bA.I.C.B.
082 _aS
100 _aBijlani, Ramesh
245 _aKavya makes up mind
_cby Ramesh Bjilani
260 _aNew Delhi
_bA.C.I.B.
_cN.D.
270 _aSector-5, Rohini,
_bNew Delhi
_e110085
300 _avarious pages.
_c30cm(HB).
942 _2ddc
_cBRLEN
_hS
_mBIJ